000 00403pab a2200157 454500
008 180718b1980 xxu||||| |||| 00| 0 eng d
100 _aSaxena, A.P.
245 _aTraining in the decades ahead: Some design considerations
260 _c1980
300 _ap.565-573.
362 _aJul-Sep
650 _aTraining
773 _aIndian Journal of Public Administration
908 _aN
909 _a88483
999 _c88483
_d88483